| 000 | 01128cam a2200265Ia 4500 | ||
|---|---|---|---|
| 001 | littleboylost00wolm | ||
| 003 | CaSfIA | ||
| 005 | 20210118164644.0 | ||
| 007 | cr|||| | ||
| 008 | 820507s1982 nyu 000 1 eng d | ||
| 010 | _a 81084138 | ||
| 040 |
_aILC _cILC _dOCLCQ _dBTCTA _dCaSfIA |
||
| 020 |
_a0867210605 : _c$2.95 |
||
| 020 | _a9780867210606 | ||
| 035 | _a(OCoLC)8406732 | ||
| 100 | 1 | _aWolman, David. | |
| 245 | 1 | 0 |
_aLittle boy lost / _h[electronic resource] _cDavid Wolman. |
| 250 | _a1st ed. | ||
| 260 |
_aNew York: _bPlayboy Paperbacks, _c1982. |
||
| 856 | 4 | 1 |
_uhttp://www.archive.org/details/littleboylost00wolm _zFree eBook from the Internet Archive |
| 856 | 4 | 2 |
_uhttp://www.openlibrary.org/books/OL8330882M _zAdditional information and access via Open Library |
| 942 | _cEB | ||
| 506 | _fНеобхідна авторизація на https://archive.org/ (створення облікового запису безкоштовно) | ||
| 506 | _fНеобхідна авторизація на https://openlibrary.org/ (створення облікового запису безкоштовно) | ||
| 999 |
_c519483 _d519483 |
||